00241nam a2200109Ia 4500008004100000100001500041245002300056260001400079260000900093546001200102999001700114170619s9999 xx 000 0 und d aSharma J K 0aoperation research bmacmillan c2008 aENGLISH c22389d22389